[Event "Grand Prix FFE Aix 2012"]
[Site "Aix les Bains"]
[Date "2012.07.21"]
[Round "?"]
[White "Istratescu, A ."]
[Black "Marek, Y."]
[Result "1-0"]
[WhiteElo "2820"]
[BlackElo "2030"]
[PlyCount "55"]
[EventDate "2012.??.??"]
[EventType "swiss (rapid)"]
[EventRounds "9"]
[EventCountry "FRA"]

1. e4 e5 2. Nf3 Nc6 3. Bb5 Nf6 4. d3 d6 5. c4 Be7 6. Nc3 O-O 7. h3 Bd7 8. O-O
h6 9. Ne2 Nh7 10. Ng3 f5 11. Nxf5 Bxf5 12. exf5 Rxf5 13. Qe2 Qf8 14. Bxc6 bxc6
15. d4 Rxf3 16. gxf3 exd4 17. f4 c5 18. Bd2 Bf6 19. Rae1 a5 20. Qe6+ Qf7 21.
Qe4 Rb8 22. Bxa5 Qxc4 23. Bxc7 Rxb2 24. Qa8+ Nf8 25. Bxd6 Qf7 26. Re8 Rxa2 27.
Rxf8+ Kh7 28. Qe4+ 1-0

[Event "Grand Prix FFE Aix 2012"]
[Site "Aix les Bains"]
[Date "2012.07.21"]
[Round "?"]
[White "Lopez, M."]
[Black "Fedorchuk, S."]
[Result "0-1"]
[WhiteElo "2018"]
[BlackElo "2590"]
[PlyCount "39"]
[EventDate "2012.??.??"]
[EventType "swiss (rapid)"]
[EventRounds "9"]
[EventCountry "FRA"]

1. e4 c5 2. Nf3 e6 3. b4 cxb4 4. d4 d5 5. e5 Ne7 6. a3 Nf5 7. axb4 Bxb4+ 8. c3
Be7 9. Bd3 Nc6 10. O-O O-O 11. g4 Nh4 12. Nxh4 Bxh4 13. f4 Be7 14. Qc2 g6 15.
f5 exf5 16. gxf5 Bxf5 17. Bxf5 gxf5 18. Bh6 Kh8 19. Kh1 f6 20. e6 0-1

[Event "Grand Prix FFE Aix 2012"]
[Site "Aix les Bains"]
[Date "2012.07.21"]
[Round "?"]
[White "Fressinet, L."]
[Black "Meylan, A."]
[Result "1-0"]
[WhiteElo "2750"]
[BlackElo "2010"]
[PlyCount "59"]
[EventDate "2012.??.??"]
[EventType "swiss (rapid)"]
[EventRounds "9"]
[EventCountry "FRA"]

1. e4 e6 2. d4 d5 3. Nc3 Nf6 4. Bg5 Be7 5. e5 Nfd7 6. Bxe7 Qxe7 7. Qd2 a6 8.
Nd1 c5 9. c3 Nc6 10. f4 O-O 11. Nf3 f6 12. Nf2 fxe5 13. fxe5 b5 14. Bd3 cxd4
15. cxd4 Qb4 16. Qxb4 Nxb4 17. Kd2 Nb6 18. b3 Bd7 19. Rhc1 Be8 20. Ke3 a5 21.
Rc7 Rc8 22. Rxc8 Nxc8 23. a3 Nxd3 24. Nxd3 a4 25. bxa4 bxa4 26. Nc5 Nb6 27. Nd2
Bf7 28. Rb1 Rb8 29. Rb4 Kf8 30. Rxb6 1-0

[Event "Grand Prix FFE Aix 2012"]
[Site "Aix les Bains"]
[Date "2012.07.21"]
[Round "?"]
[White "Todorov, I."]
[Black "Istratescu, A."]
[Result "0-1"]
[WhiteElo "2210"]
[BlackElo "2820"]
[PlyCount "76"]
[EventDate "2012.??.??"]
[EventType "swiss (rapid)"]
[EventRounds "9"]
[EventCountry "FRA"]

1. e4 e6 2. d4 d5 3. Nc3 Bb4 4. e5 c5 5. a3 Bxc3+ 6. bxc3 Qa5 7. Bd2 Qa4 8. Nf3
b6 9. Be2 Ba6 10. O-O Bxe2 11. Qxe2 Nd7 12. dxc5 Nxc5 13. Nd4 Ne7 14. f4 O-O
15. Kh1 Nf5 16. Nxf5 exf5 17. Be3 Ne4 18. Bd4 Rac8 19. Rf3 Rc6 20. Rh3 Rg6 21.
Qh5 h6 22. Qxf5 Qxc2 23. g4 b5 24. Rf1 a5 25. Qh5 Qe2 26. Rhf3 Nd2 27. R1f2
Qd1+ 28. Kg2 Nxf3 29. Rxf3 b4 30. axb4 axb4 31. h3 b3 32. Rf2 Ra6 33. f5 Ra2
34. f6 Rxf2+ 35. Bxf2 b2 36. fxg7 Kxg7 37. e6 b1=Q 38. Bd4+ Qxd4 0-1

[Event "Grand Prix FFE Aix 2012"]
[Site "Aix les Bains"]
[Date "2012.07.21"]
[Round "?"]
[White "Chebance, B ."]
[Black "Fressinet, L."]
[Result "0-1"]
[WhiteElo "2200"]
[BlackElo "2750"]
[PlyCount "70"]
[EventDate "2012.??.??"]
[EventType "swiss (rapid)"]
[EventRounds "9"]
[EventCountry "FRA"]

1. e4 d6 2. d4 g6 3. Nc3 Bg7 4. Be3 a6 5. Qd2 b5 6. Bd3 Nd7 7. Nce2 c5 8. c3
Bb7 9. f3 e5 10. d5 Ngf6 11. Nh3 O-O 12. O-O Qc7 13. Rac1 c4 14. Bb1 Nc5 15.
Ng3 Bc8 16. Nf2 a5 17. f4 exf4 18. Bxf4 Re8 19. Rce1 Ncd7 20. Ne2 Ne5 21. Nd4
Bd7 22. Nd1 b4 23. Bg5 Nh5 24. Ne3 bxc3 25. bxc3 Rab8 26. Qe2 h6 27. Bh4 Nd3
28. Bxd3 cxd3 29. Qxd3 Rbc8 30. Rc1 Qc5 31. g4 Nf4 32. Qd2 Rxe4 33. Bf2 Rce8
34. Nec2 Qxd5 35. c4 Nh3+ 0-1

[Event "Grand Prix FFE Aix 2012"]
[Site "Aix les Bains"]
[Date "2012.07.21"]
[Round "?"]
[White "Istratescu, A ."]
[Black "Di Nicolantonio, L."]
[Result "1-0"]
[WhiteElo "2820"]
[BlackElo "2470"]
[PlyCount "61"]
[EventDate "2012.??.??"]
[EventType "swiss (rapid)"]
[EventRounds "9"]
[EventCountry "FRA"]

1. e4 c5 2. Nf3 e6 3. d4 cxd4 4. Nxd4 Nf6 5. Nc3 Nc6 6. g3 d6 7. Bg2 Bd7 8. O-O
Be7 9. b3 O-O 10. Bb2 a6 11. a4 Rc8 12. Nce2 Qc7 13. c4 Rfd8 14. h3 Qb8 15. f4
Nxd4 16. Nxd4 b5 17. cxb5 axb5 18. a5 d5 19. exd5 Nxd5 20. Qf3 Qa7 21. Kh2 Bf6
22. Rfd1 Rc7 23. f5 Nb4 24. fxe6 fxe6 25. Nxb5 Bxb5 26. Bxf6 Rxd1 27. Rxd1 gxf6
28. Qxf6 Bd3 29. Qxe6+ Rf7 30. Qg4+ Kh8 31. Qxb4 1-0

[Event "Grand Prix FFE Aix 2012"]
[Site "Aix les Bains"]
[Date "2012.07.21"]
[Round "?"]
[White "Miralles, G)."]
[Black "Gharamian, T."]
[Result "0-1"]
[WhiteElo "2440"]
[BlackElo "2740"]
[PlyCount "74"]
[EventDate "2012.??.??"]
[EventType "swiss (rapid)"]
[EventRounds "9"]
[EventCountry "FRA"]

1. e4 c5 2. b4 cxb4 3. d4 d6 4. a3 Nf6 5. Bd3 Nc6 6. d5 Ne5 7. axb4 Nxd3+ 8.
cxd3 g6 9. Be3 Bg7 10. Bd4 O-O 11. Ne2 e6 12. dxe6 Bxe6 13. O-O d5 14. Nbc3
dxe4 15. dxe4 a6 16. Nf4 Bc4 17. Re1 Bh6 18. Nfd5 Bxd5 19. Bxf6 Qxf6 20. Nxd5
Qe5 21. g3 Bg7 22. Rc1 Rac8 23. Qd3 Rfe8 24. Rxc8 Rxc8 25. b5 a5 26. b6 Bf8 27.
Qb5 Rc2 28. Qa4 Qb2 29. Nf6+ Kg7 30. Ne8+ Kg8 31. Nf6+ Kg7 32. Ne8+ Kh8 33. e5
Rxf2 34. Qh4 Qxb6 35. Kh1 Qc6+ 36. Qe4 Rf1+ 37. Kg2 Rxe1 0-1

[Event "Grand Prix FFE Aix 2012"]
[Site "Aix les Bains"]
[Date "2012.07.21"]
[Round "?"]
[White "Maze, S."]
[Black "Istratescu, A ."]
[Result "1/2-1/2"]
[WhiteElo "2580"]
[BlackElo "2820"]
[PlyCount "43"]
[EventDate "2012.??.??"]
[EventType "swiss (rapid)"]
[EventRounds "9"]
[EventCountry "FRA"]

1. Nf3 d5 2. d4 Nf6 3. Bg5 Ne4 4. Bf4 c5 5. c3 Nc6 6. Nbd2 Qb6 7. Qb3 Nxd2 8.
Bxd2 c4 9. Qc2 g6 10. g3 Bf5 11. Qc1 Be4 12. Bg2 Bg7 13. O-O O-O 14. Nh4 Bxg2
15. Nxg2 Rad8 16. f4 f5 17. e3 e6 18. Ne1 Ne7 19. Nf3 Nc8 20. Be1 Nd6 21. h3
Ne4 22. Nd2 1/2-1/2

[Event "Grand Prix FFE Aix 2012"]
[Site "Aix les Bains"]
[Date "2012.07.21"]
[Round "?"]
[White "Gharamian, T ."]
[Black "Bosiocic, M ."]
[Result "1-0"]
[WhiteElo "2740"]
[BlackElo "2500"]
[PlyCount "139"]
[EventDate "2012.??.??"]
[EventType "swiss (rapid)"]
[EventRounds "9"]
[EventCountry "FRA"]

1. e4 e5 2. Nf3 Nc6 3. Bb5 Nf6 4. O-O Nxe4 5. Re1 Nd6 6. Nxe5 Nxe5 7. Rxe5+ Be7
8. Bf1 O-O 9. d4 Bf6 10. Re1 Nf5 11. d5 d6 12. Nd2 Nh4 13. Ne4 Be7 14. g3 Ng6
15. f4 c6 16. Be3 Bf5 17. Bg2 Qd7 18. Bf2 Rfe8 19. c3 c5 20. a4 Bg4 21. Qd3 h5
22. b4 cxb4 23. cxb4 h4 24. a5 a6 25. Rac1 Rac8 26. Qb3 Qf5 27. Rxc8 Rxc8 28.
b5 axb5 29. Qxb5 Qd7 30. Qxd7 Bxd7 31. Rb1 h3 32. Bf1 Bf5 33. Bd3 Ra8 34. Be1
Bd8 35. Nf6+ gxf6 36. Bxf5 Bxa5 37. Bf2 Bd8 38. Bxh3 b6 39. Bf5 Ne7 40. Be4 f5
41. Bf3 Rb8 42. Rb5 Rc8 43. Bxb6 Rc1+ 44. Kg2 Rc2+ 45. Bf2 Kg7 46. Kg1 Rc1+ 47.
Kg2 Rc2 48. Kf1 Rc1+ 49. Be1 Rc2 50. Rb2 Rc1 51. Ke2 Ng8 52. Bd2 Rc8 53. Ra2
Bf6 54. Ra6 Be7 55. Kd3 Kg6 56. h4 Nf6 57. Ra7 Bf8 58. Bc3 Rc5 59. Bd4 Rb5 60.
Kc4 Rb1 61. Be2 Rc1+ 62. Kd3 Nxd5 63. h5+ Kh6 64. Rxf7 Nb4+ 65. Kd2 Rc2+ 66.
Kd1 Rc8 67. Rxf5 Nc2 68. Rxf8 Rxf8 69. Kxc2 Re8 70. Kd2 1-0

[Event "Grand Prix FFE Aix 2012"]
[Site "Aix les Bains"]
[Date "2012.07.21"]
[Round "?"]
[White "Lamoureux, C."]
[Black "Gharamian, T."]
[Result "0-1"]
[WhiteElo "2400"]
[BlackElo "2740"]
[PlyCount "82"]
[EventDate "2012.??.??"]
[EventType "swiss (rapid)"]
[EventRounds "9"]
[EventCountry "FRA"]

1. e4 g6 2. d4 Bg7 3. Nf3 d6 4. Nc3 c6 5. a4 Nf6 6. Be2 O-O 7. O-O Nbd7 8. Nd2
a5 9. Nc4 Nxe4 10. Nxe4 d5 11. Ned2 dxc4 12. Nxc4 Nb6 13. Be3 Nd5 14. Bg5 h6
15. Bh4 Nf4 16. c3 Be6 17. Re1 c5 18. Bf1 cxd4 19. cxd4 g5 20. Bg3 Qxd4 21.
Qxd4 Bxd4 22. Bxf4 gxf4 23. Re4 Rfd8 24. Rc1 Bf6 25. b3 Rd4 26. Rce1 Kf8 27.
Rxd4 Bxd4 28. Re4 Bc5 29. Rxf4 b6 30. Ne5 Rd8 31. g3 Bxb3 32. Nxf7 Rd4 33. Rxd4
Bxd4 34. Nxh6 Bxa4 35. Nf5 Bb2 36. Bd3 Bb3 37. Ne3 a4 38. Bc4 Bxc4 39. Nxc4 b5
40. Nd2 Bc3 41. Nb1 b4 0-1

[Event "Grand Prix FFE Aix 2012"]
[Site "Aix les Bains"]
[Date "2012.07.21"]
[Round "?"]
[White "Gharamian, T."]
[Black "Van Wely, L."]
[Result "1/2-1/2"]
[WhiteElo "2740"]
[BlackElo "2730"]
[PlyCount "21"]
[EventDate "2012.??.??"]
[EventType "swiss (rapid)"]
[EventRounds "9"]
[EventCountry "FRA"]

1. d4 d5 2. Nf3 Nf6 3. c4 c6 4. e3 Bf5 5. Nc3 e6 6. Bd3 Bxd3 7. Qxd3 Nbd7 8.
O-O Be7 9. e4 dxe4 10. Nxe4 O-O 11. Nxf6+ 1/2-1/2

[Event "Grand Prix FFE Aix 2012"]
[Site "Aix les Bains"]
[Date "2012.07.21"]
[Round "?"]
[White "Jankovic, A."]
[Black "Fressinet, L."]
[Result "1/2-1/2"]
[WhiteElo "2540"]
[BlackElo "2750"]
[PlyCount "81"]
[EventDate "2012.??.??"]
[EventType "swiss (rapid)"]
[EventRounds "9"]
[EventCountry "FRA"]

1. d4 Nf6 2. c4 e6 3. Nc3 Bb4 4. Bg5 Nc6 5. Rc1 h6 6. Bh4 d6 7. e3 e5 8. Nge2
exd4 9. Nxd4 g5 10. Bg3 Ne4 11. Nxc6 bxc6 12. Qd4 Nf6 13. Be2 c5 14. Qd3 Bb7
15. O-O Qe7 16. Nd5 Bxd5 17. cxd5 O-O 18. Qa6 Ne4 19. a3 Bd2 20. Rcd1 Rab8 21.
Bd3 Rxb2 22. Bxe4 Qxe4 23. Qxa7 Rc8 24. Qa6 Rcb8 25. Qc6 Ba5 26. h3 Qe8 27. Qa6
Qb5 28. Qxb5 R8xb5 29. e4 f6 30. f4 R5b3 31. Kh2 Re2 32. fxg5 Rbb2 33. Kh1 Rxg2
34. Rf3 hxg5 35. Rdf1 Kg7 36. Rxf6 Bc3 37. e5 Rxg3 38. Rf7+ Kg8 39. Rf8+ Kg7
40. R8f7+ Kg8 41. Rf8+ 1/2-1/2

[Event "Grand Prix FFE Aix 2012"]
[Site "Aix les Bains"]
[Date "2012.07.21"]
[Round "?"]
[White "Fedorchuk, S."]
[Black "Miralles, G."]
[Result "1-0"]
[WhiteElo "2590"]
[BlackElo "2440"]
[PlyCount "51"]
[EventDate "2012.??.??"]
[EventType "swiss (rapid)"]
[EventRounds "9"]
[EventCountry "FRA"]

1. e4 d6 2. d4 Nf6 3. Nc3 g6 4. Be3 c6 5. Qd2 b5 6. Bd3 Qa5 7. h3 Nbd7 8. Nf3
Nb6 9. O-O Nc4 10. Bxc4 bxc4 11. Rfe1 Nd7 12. e5 d5 13. e6 fxe6 14. Ng5 Nf6 15.
Bf4 Bg7 16. Nxe6 Bxe6 17. Rxe6 O-O 18. Rxe7 Qb4 19. Rxg7+ Kxg7 20. Bh6+ Kg8 21.
Bxf8 Rxf8 22. b3 Re8 23. Rb1 cxb3 24. Rxb3 Qc4 25. Rb7 Nh5 26. Qh6 1-0

[Event "Grand Prix FFE Aix 2012"]
[Site "Aix les Bains"]
[Date "2012.07.21"]
[Round "?"]
[White "Postny, E."]
[Black "Gharamian, T."]
[Result "1/2-1/2"]
[WhiteElo "2630"]
[BlackElo "2740"]
[PlyCount "26"]
[EventDate "2012.??.??"]
[EventType "swiss (rapid)"]
[EventRounds "9"]
[EventCountry "FRA"]

1. d4 d6 2. Nf3 Bg4 3. e4 e6 4. Be2 Nf6 5. Nc3 Be7 6. O-O O-O 7. h3 Bh5 8. Be3
a6 9. a4 d5 10. exd5 Nxd5 11. Nxd5 exd5 12. Ne5 Bxe2 13. Qxe2 Nd7 1/2-1/2

[Event "Grand Prix FFE Aix 2012"]
[Site "Aix les Bains"]
[Date "2012.07.21"]
[Round "?"]
[White "Van Wely, L."]
[Black "Jankovic, A."]
[Result "1/2-1/2"]
[WhiteElo "2730"]
[BlackElo "2540"]
[PlyCount "33"]
[EventDate "2012.??.??"]
[EventType "swiss (rapid)"]
[EventRounds "9"]
[EventCountry "FRA"]

1. d4 Nf6 2. c4 g6 3. Nf3 Bg7 4. g3 c6 5. Bg2 d5 6. Qb3 O-O 7. O-O dxc4 8. Qxc4
Bf5 9. Bf4 Nbd7 10. Nc3 Ne4 11. Rfd1 Nb6 12. Qb3 Nxc3 13. bxc3 Qd5 14. Nd2 Qa5
15. Nc4 Nxc4 16. Qxc4 e5 17. Be3 1/2-1/2

[Event "Grand Prix FFE Aix 2012"]
[Site "Aix les Bains"]
[Date "2012.07.21"]
[Round "?"]
[White "Fressinet, L."]
[Black "Czebe, A."]
[Result "1-0"]
[WhiteElo "2750"]
[BlackElo "2520"]
[PlyCount "55"]
[EventDate "2012.??.??"]
[EventType "swiss (rapid)"]
[EventRounds "9"]
[EventCountry "FRA"]

1. d4 e6 2. c4 b6 3. Nf3 Bb7 4. g3 Bb4+ 5. Bd2 Bxf3 6. exf3 Bxd2+ 7. Qxd2 d5 8.
Nc3 c6 9. cxd5 exd5 10. Bh3 Ne7 11. O-O O-O 12. Rfe1 Nc8 13. Qf4 Na6 14. Re2
Qd6 15. Qh4 Qg6 16. Rae1 Nd6 17. a3 Nc7 18. Re7 Ncb5 19. a4 Nxc3 20. bxc3 Nf5
21. Bxf5 Qxf5 22. R1e3 Qc2 23. f4 a5 24. Rc7 b5 25. axb5 a4 26. b6 a3 27. b7
Rad8 28. Qxd8 1-0

[Event "Grand Prix FFE Aix 2012"]
[Site "Aix les Bains"]
[Date "2012.07.21"]
[Round "?"]
[White "Bosiocic, M ."]
[Black "Fedorchuk, S."]
[Result "1-0"]
[WhiteElo "2500"]
[BlackElo "2590"]
[PlyCount "99"]
[EventDate "2012.??.??"]
[EventType "swiss (rapid)"]
[EventRounds "9"]
[EventCountry "FRA"]

1. d4 Nf6 2. c4 e6 3. Nc3 Bb4 4. a3 Bxc3+ 5. bxc3 c5 6. e3 Qa5 7. Bd2 Ne4 8.
Bd3 Nxd2 9. Qxd2 Nc6 10. Nf3 d6 11. d5 exd5 12. cxd5 Ne7 13. c4 Qxd2+ 14. Kxd2
Bg4 15. Ng5 h6 16. Ne4 O-O-O 17. a4 Kc7 18. a5 Bc8 19. Nc3 g5 20. h4 a6 21.
hxg5 hxg5 22. Ne4 g4 23. Nf6 Ng6 24. Bxg6 fxg6 25. e4 Rhf8 26. Rh7+ Kb8 27. e5
dxe5 28. Ne4 Rf4 29. Ke3 Bf5 30. Nd2 Rd4 31. Ra3 e4 32. Re7 Rh8 33. Rb3 Rd3+
34. Ke2 Rxb3 35. Nxb3 g3 36. fxg3 Rh2 37. Nxc5 Rxg2+ 38. Ke3 Rxg3+ 39. Kd4 e3
40. Rxb7+ Kc8 41. Re7 Rg4+ 42. Kc3 Rg3 43. d6 Kd8 44. Kd4 Rg4+ 45. Kd5 Rg5 46.
Kc6 Bc8 47. Ne6+ Bxe6 48. Rxe6 Rf5 49. Rxe3 g5 50. Re6 1-0

[Event "Grand Prix FFE Aix 2012"]
[Site "Aix les Bains"]
[Date "2012.07.21"]
[Round "?"]
[White "Van Wely, L."]
[Black "Bosiocic, M."]
[Result "1/2-1/2"]
[WhiteElo "2730"]
[BlackElo "2500"]
[PlyCount "25"]
[EventDate "2012.??.??"]
[EventType "swiss (rapid)"]
[EventRounds "9"]
[EventCountry "FRA"]

1. d4 d5 2. c4 c6 3. Nf3 Nf6 4. Nc3 e6 5. Bg5 dxc4 6. e4 b5 7. e5 h6 8. Bh4 g5
9. Nxg5 hxg5 10. Bxg5 Nbd7 11. exf6 Bb7 12. g3 Qc7 13. Bg2 1/2-1/2

[Event "Grand Prix FFE Aix 2012"]
[Site "Aix les Bains"]
[Date "2012.07.21"]
[Round "?"]
[White "Fargere, F."]
[Black "Postny, E."]
[Result "1/2-1/2"]
[WhiteElo "2580"]
[BlackElo "2630"]
[PlyCount "33"]
[EventDate "2012.??.??"]
[EventType "swiss (rapid)"]
[EventRounds "9"]
[EventCountry "FRA"]

1. e4 e5 2. Nf3 Nc6 3. Bb5 a6 4. Bxc6 dxc6 5. O-O f6 6. d4 exd4 7. Nxd4 c5 8.
Ne2 Qxd1 9. Rxd1 Bd7 10. Nbc3 O-O-O 11. Be3 Re8 12. f3 Bc6 13. Kf2 Bd6 14. Bf4
Be5 15. Bxe5 fxe5 16. Nd5 c4 17. Nec3 1/2-1/2